000 00318nam a22001337a 4500
008 170810b xxu||||| |||| 00| 0 eng d
020 _a9780763718435
041 _aeng
080 _22ND
_a004
100 _a35
101 _aSHK
245 _aDISCRETE STRUCUTRES, LOGIC, AND COMPUTABILITY
_cHEIN,J.L
942 _2udc
_cBK
999 _c23084
_d23084